000 01566nam a2200397 c 4500
005 20200329175334.0
008 200303s2019 sp |||fr|||| 00| 0 spa d
020 _a9788413135908
040 _aCO-BoUCM
_bspa
_cDeissy Garcia
_dDeissy Garcia
041 0 _aspa
100 1 _aRubiano Delgado, Ana María
_9100030
245 1 0 _aGps laboral
_cAna María Rubiano Delgado ...[y otros 17 ] ; dirección Juan Pablo López Moreno ; coordinación Laura Mojica Pérez, Juliana Morad Acero
260 _aBogotá
_bTirant lo Blanch
_c2019
300 _a797 páginas
650 1 7 _912790
_aDerecho laboral
_zColombia
650 1 7 _918183
_aJurisprudencia laboral
700 1 _aMutis Téllez, Camilo
_9100031
700 1 _aMartínez Méndez, Santiago
_991553
700 1 _aGonzález Umbarila, Giovanni
_9100032
700 1 _aJiménez Uribe, Iván
_9100033
700 1 _aPrieto Monroy, Carlos
_9100034
700 1 _aCuervo Díaz, Camilo
_9100035
700 1 _aPeláez Rafet, Verónica
_9100036
700 1 _aMorad Acero, Juliana
_9100037
700 1 _aLondoño Hidalgo, Julio
_9100038
700 1 _aCórdoba Escamilla, Luis A.
_9100039
700 1 _aLagos Prieto, Rocío
_9100040
700 1 _aLópez Moreno, Juan Pablo
_9100041
700 1 _aMoreno Enríquez, Óscar
_9100042
700 1 _aAcevedo Gámez, Diego
_9100043
700 1 _aDuarte González, Luz Ángela
_9100044
710 1 _aCuervo Díaz, Diana
_9100045
710 1 _aCastellanos López, Alejandro
_9100046
942 _cLIBRO
_2DEWEY
_a8
_e20
_h344.01
_mR896g
999 _c317222
_d317222